[Event "Ogolnopolski Turniej Fianchetto"]
[Site "Jastrzebia Gora"]
[Date "2015.??.??"]
[Round "7.24"]
[White "Kopij, Jozef"]
[Black "Krupecka-czarkowska, Danuta"]
[Result "1-0"]
[WhiteElo "1382"]
[BlackElo "1091"]
[PlyCount "55"]
[EventDate "2015.??.??"]

1. d4 d5 2. e3 e6 3. Nf3 Be7 4. c4 Nf6 5. Bd3 Nc6 6. O-O b6 7. Re1 Ba6 8. b3
Nb4 9. Be2 Nc6 10. a4 Bb4 11. Bd2 Bxd2 12. Nbxd2 Ne7 13. b4 Bb7 14. c5 O-O 15.
Qc2 Nc6 16. b5 Ne7 17. c6 Bc8 18. Bd3 Ng6 19. e4 a6 20. e5 Ng4 21. h3 Nh6 22.
Nb3 axb5 23. axb5 Rxa1 24. Rxa1 f6 25. Bxg6 hxg6 26. Qxg6 fxe5 27. Ng5 Kh8 28.
Qh7# 1-0

[Event "Ogolnopolski Turniej Fianchetto"]
[Site "Jastrzebia Gora"]
[Date "2015.??.??"]
[Round "7.25"]
[White "Szynwelski, Ryszard"]
[Black "Nasalski, Leon"]
[Result "1-0"]
[WhiteElo "1275"]
[BlackElo "1141"]
[PlyCount "45"]
[EventDate "2015.??.??"]

1. e4 e5 2. Nf3 Nc6 3. c3 Nf6 4. d3 d6 5. Be2 Be7 6. Bg5 O-O 7. O-O h6 8. Be3
b6 9. Re1 Ba6 10. Nbd2 Ng4 11. Nf1 Nxe3 12. Nxe3 Qd7 13. Nd5 Na5 14. d4 exd4
15. Bxa6 b5 16. Nxe7+ Qxe7 17. Bxb5 Rab8 18. Qa4 c6 19. Be2 Qc7 20. Qxd4 Rxb2
21. Bd3 Rd8 22. c4 c5 23. Qxb2 1-0

[Event "Ogolnopolski Turniej Fianchetto"]
[Site "Jastrzebia Gora"]
[Date "2015.??.??"]
[Round "7.26"]
[White "Gackowski, Marian"]
[Black "Kudlacik, Jan"]
[Result "1/2-1/2"]
[WhiteElo "1223"]
[BlackElo "1274"]
[PlyCount "41"]
[EventDate "2015.??.??"]

1. d4 e6 2. e4 c5 3. c3 Be7 4. Nf3 h6 5. e5 cxd4 6. cxd4 Bb4+ 7. Bd2 Qa5 8. Nc3
Ne7 9. Qa4 Qxa4 10. Nxa4 Bxd2+ 11. Nxd2 b6 12. Be2 Ba6 13. Bxa6 Nxa6 14. a3 O-O
15. Rc1 Rac8 16. O-O Rxc1 17. Rxc1 Rc8 18. Rxc8+ Nxc8 19. Nc4 Ne7 20. Nc3 Nc6
21. Ne2 1/2-1/2

[Event "Ogolnopolski Turniej Fianchetto"]
[Site "Jastrzebia Gora"]
[Date "2015.??.??"]
[Round "7.29"]
[White "Jurkiewicz, Kazimierz"]
[Black "Pilecki, Jozef"]
[Result "0-1"]
[WhiteElo "1336"]
[BlackElo "1371"]
[PlyCount "45"]
[EventDate "2015.??.??"]

1. d4 e6 2. Nf3 Bd6 3. a3 h5 4. b4 Nf6 5. c4 c6 6. c5 Bc7 7. Nc3 d6 8. h3 b6 9.
e3 dxc5 10. dxc5 bxc5 11. Qxd8+ Bxd8 12. bxc5 O-O 13. Na4 Ba5+ 14. Bd2 Bxd2+
15. Nxd2 Na6 16. Rb1 Nd7 17. Bxa6 Bxa6 18. f4 Rab8 19. Kf2 Bb5 20. Nc3 Nxc5 21.
h4 Nd3+ 22. Kf3 f5 23. Rhd1 0-1

[Event "Ogolnopolski Turniej Fianchetto"]
[Site "Jastrzebia Gora"]
[Date "2015.??.??"]
[Round "7.1"]
[White "Bakalarz, Leszek"]
[Black "Mackowiak, Marek"]
[Result "0-1"]
[WhiteElo "2124"]
[BlackElo "2123"]
[PlyCount "89"]
[EventDate "2015.??.??"]

1. e4 e6 2. d4 d5 3. Nc3 Nf6 4. Bg5 dxe4 5. Nxe4 Be7 6. Bxf6 Bxf6 7. Nf3 Nd7
$11 8. c3 O-O 9. Bd3 b6 10. O-O Bb7 11. Re1 Rc8 12. Qa4 a6 13. Rad1 g6 14.
Nxf6+ Nxf6 15. Ne5 b5 16. Qa3 Qd6 17. b4 Bd5 18. Qb2 Ra8 19. a3 c6 20. c4 bxc4
21. Bxc4 a5 22. Bxd5 Nxd5 23. Nc4 Qb8 24. Ne5 Qd6 25. bxa5 Rfb8 26. Qa1 Rb3 27.
Nc4 Qf4 28. Rb1 Rd3 29. Rbd1 Rb3 30. g3 Qb8 31. Rb1 Nc3 32. Nb6 Nxb1 33. Nxa8
Rxa3 34. Qxb1 Qxa8 35. Qb6 Rxa5 36. Rc1 Ra1 37. Rxa1 Qxa1+ 38. Kg2 Qa8 39. Qc5
Qb7 40. h4 Qd7 41. Kh2 Qd5 42. Qb6 Kg7 43. Qb2 h6 44. Kg1 g5 45. hxg5 0-1

[Event "Ogolnopolski Turniej Fianchetto"]
[Site "Jastrzebia Gora"]
[Date "2015.??.??"]
[Round "8.2"]
[White "Marczukiewicz, Jerzy"]
[Black "Bakalarz, Leszek"]
[Result "0-1"]
[WhiteElo "1932"]
[BlackElo "2124"]
[PlyCount "84"]
[EventDate "2015.??.??"]

1. Nf3 c5 2. c4 Nc6 3. Nc3 g6 4. e3 Bg7 5. d4 b6 6. Be2 d6 7. O-O Nh6 8. d5 Ne5
9. Nxe5 dxe5 10. e4 f5 11. f4 Nf7 12. Bf3 Nd6 13. Qe2 Ba6 14. b3 O-O 15. fxe5
Bxe5 16. Bb2 f4 17. Nd1 Nf7 18. Nf2 Qd6 19. Nd3 Bc8 20. Nxe5 Nxe5 21. Qd2 Nxf3+
22. Rxf3 e5 23. Qc3 Bg4 24. Rf2 Rae8 25. Raf1 g5 26. h3 Bd7 27. h4 h6 28. g3
Rf7 29. Kh2 Kh7 30. hxg5 hxg5 31. Rh1 Kg8 32. gxf4 gxf4 33. Kg1 Rg7+ 34. Kf1
Qg6 35. Qd3 Kf8 36. Rh8+ Rg8 37. Rfh2 Qg1+ 38. Ke2 Bg4+ 39. Kd2 f3 40. Rxg8+
Kxg8 41. Rh6 Kg7 42. Rc6 f2 0-1

[Event "Ogolnopolski Turniej Fianchetto"]
[Site "Jastrzebia Gora"]
[Date "2015.??.??"]
[Round "8.3"]
[White "Relidzynski, Tadeusz"]
[Black "Pioch, Zygmunt"]
[Result "1/2-1/2"]
[WhiteElo "1833"]
[BlackElo "2057"]
[PlyCount "69"]
[EventDate "2015.??.??"]

1. e4 e5 2. Nf3 Nc6 3. Bb5 Nge7 4. O-O g6 5. c3 Bg7 6. d4 exd4 7. cxd4 a6 8.
Ba4 b5 9. Bb3 O-O 10. h3 d6 11. Nc3 Na5 12. Bc2 h6 13. Re1 Bb7 14. Ne2 c5 15.
Ng3 Rc8 16. dxc5 dxc5 17. Rb1 Qc7 18. Bd2 Nc4 19. Bc1 Rcd8 20. Qe2 Rfe8 21. b3
Nb6 22. Be3 Kh7 23. Red1 Nd7 24. a4 Bc6 25. axb5 Bxb5 26. Bd3 Bxd3 27. Rxd3 Nc6
28. Rbd1 Nb4 29. Rd6 Bf8 30. R6d2 Nf6 31. Rxd8 Rxd8 32. Rxd8 Qxd8 33. Qc4 Qe7
34. Ne2 Nxe4 35. Nf4 1/2-1/2

[Event "Ogolnopolski Turniej Fianchetto"]
[Site "Jastrzebia Gora"]
[Date "2015.??.??"]
[Round "8.4"]
[White "Przybyl, Jozef"]
[Black "Pojedziniec, Wladyslaw"]
[Result "1/2-1/2"]
[WhiteElo "1801"]
[BlackElo "2048"]
[PlyCount "36"]
[EventDate "2015.??.??"]

1. e4 c5 2. Nc3 Nc6 3. g3 g6 4. Bg2 Bg7 5. d3 e6 6. f4 Nge7 7. Nf3 O-O 8. O-O
d5 9. e5 Rb8 10. Ne2 b5 11. c3 b4 12. Be3 bxc3 13. bxc3 Qa5 14. Qc2 Ba6 15.
Rfb1 c4 16. d4 Nf5 17. Bf2 h5 18. h3 Rxb1+ 1/2-1/2

[Event "Ogolnopolski Turniej Fianchetto"]
[Site "Jastrzebia Gora"]
[Date "2015.??.??"]
[Round "8.5"]
[White "Zminda, Bogdan"]
[Black "Chojnowski, Marcin"]
[Result "1/2-1/2"]
[WhiteElo "1944"]
[BlackElo "2033"]
[PlyCount "78"]
[EventDate "2015.??.??"]

1. e4 c5 2. Nf3 d6 3. d4 cxd4 4. Nxd4 Nf6 5. Nc3 a6 6. Bc4 e6 7. Bb3 Nbd7 8. g4
Nc5 9. Qe2 e5 10. Nf5 g6 11. Ne3 Bg7 12. g5 Nh5 13. Ned5 O-O 14. Be3 b5 15.
O-O-O Nxb3+ 16. axb3 Be6 17. h4 Rc8 18. Rd3 Nf4 19. Nxf4 exf4 20. Bd4 Bxb3 21.
cxb3 b4 22. Bxg7 Kxg7 23. Kb1 bxc3 24. bxc3 a5 25. Qb2 a4 26. e5 Qe7 27. exd6
Qe4 28. Rhd1 axb3 29. c4+ Kg8 30. Qd4 Rxc4 31. Qxe4 Rxe4 32. Rxb3 Rd8 33. Rbd3
Kf8 34. Rd4 Re6 35. Kc2 f5 36. Rxf4 Rexd6 37. Rxd6 Rxd6 38. h5 gxh5 39. Rxf5+
Kg7 1/2-1/2

[Event "Ogolnopolski Turniej Fianchetto"]
[Site "Jastrzebia Gora"]
[Date "2015.??.??"]
[Round "8.6"]
[White "Matuszczyk, Krystian"]
[Black "Les, Czeslaw"]
[Result "0-1"]
[WhiteElo "1970"]
[BlackElo "1874"]
[PlyCount "56"]
[EventDate "2015.??.??"]

1. e4 d5 2. exd5 Nf6 3. c4 c6 4. dxc6 Nxc6 5. Nf3 e5 6. d3 e4 7. dxe4 Qxd1+ 8.
Kxd1 Nxe4 9. Be3 Bg4 10. Be2 O-O-O+ 11. Kc1 f5 12. Rd1 Be7 13. Nbd2 Bf6 14. h3
Bh5 15. g4 fxg4 16. hxg4 Bg6 17. g5 Be7 18. Nxe4 Bxe4 19. Nd2 Bf5 20. a3 Nd4
21. Bxd4 Rxd4 22. Nf3 Rxd1+ 23. Kxd1 h6 24. gxh6 Rxh6 25. Kd2 Bf6 26. Ke3 Bxb2
27. Rg1 Re6+ 28. Kd2 Rd6+ {...40} 0-1

[Event "Ogolnopolski Turniej Fianchetto"]
[Site "Jastrzebia Gora"]
[Date "2015.??.??"]
[Round "8.7"]
[White "Miozga, Tomasz"]
[Black "Krawcewicz, Lucyna"]
[Result "1-0"]
[WhiteElo "1926"]
[BlackElo "1874"]
[PlyCount "89"]
[EventDate "2015.??.??"]

1. c4 c5 2. Nc3 Nf6 3. g3 g6 4. Bg2 Bg7 5. e3 O-O 6. Nge2 d6 7. O-O Nc6 8. b3
Rb8 9. Bb2 a6 10. Rc1 e6 11. d4 cxd4 12. Nxd4 Bd7 13. Nde2 Qc7 14. Ba3 Ne8 15.
Bb2 Ne7 16. Qd2 Bc6 17. Nd5 exd5 18. Bxg7 Kxg7 19. cxd5 Qd7 20. dxc6 Nxc6 21.
Bxc6 bxc6 22. Qc3+ f6 23. Qxc6 Qb7 24. Nd4 Kf7 25. Rfd1 Qxc6 26. Rxc6 Ra8 27.
Rb6 h5 28. Rc1 f5 29. Rcc6 a5 30. Ra6 Rxa6 31. Rxa6 Kf6 32. Rxa5 Rf7 33. b4 Rc7
34. b5 Rc1+ 35. Kg2 Rb1 36. Ra7 g5 37. a4 f4 38. gxf4 gxf4 39. a5 fxe3 40. fxe3
Ng7 41. b6 Nf5 42. Nxf5 Kxf5 43. Rf7+ Ke6 44. Rh7 Rb5 45. b7 1-0

[Event "Ogolnopolski Turniej Fianchetto"]
[Site "Jastrzebia Gora"]
[Date "2015.??.??"]
[Round "8.8"]
[White "Zarow, Zdzislaw"]
[Black "Kondrusik, Aleksander"]
[Result "1-0"]
[WhiteElo "1901"]
[BlackElo "1554"]
[PlyCount "71"]
[EventDate "2015.??.??"]

1. e4 c5 2. Nc3 d6 3. Nf3 e6 4. d4 cxd4 5. Nxd4 Nf6 6. Be2 a6 7. O-O Be7 8. Be3
O-O 9. g4 Nc6 10. Nxc6 bxc6 11. g5 Nd7 12. h4 e5 13. Bc4 g6 14. Qf3 Nb6 15. Bb3
Be6 16. Rad1 Rb8 17. Bxe6 fxe6 18. Qg4 Qc8 19. b3 d5 20. Bxb6 Rxb6 21. Ne2 Rb4
22. Ng3 Rf4 23. Qh3 dxe4 24. c3 Rb7 25. Rfe1 Bd8 26. Nxe4 Be7 27. Nd6 Bxd6 28.
Rxd6 Rf5 29. Red1 Qc7 30. Rxe6 Qb6 31. Qg3 Qa5 32. Re8+ Kf7 33. Rdd8 Re7 34.
Rf8+ Ke6 35. Qg4 Qxc3 36. Rf6# 1-0

[Event "Ogolnopolski Turniej Fianchetto"]
[Site "Jastrzebia Gora"]
[Date "2015.??.??"]
[Round "8.9"]
[White "Kubin, Aleksander"]
[Black "Wojcieszyn, Zdzislaw"]
[Result "1-0"]
[WhiteElo "1812"]
[BlackElo "1982"]
[PlyCount "86"]
[EventDate "2015.??.??"]

1. e4 c5 2. Nc3 Nc6 3. f4 e6 4. Nf3 g6 5. Bc4 Bg7 6. O-O Nge7 7. Qe1 Nd4 8.
Nxd4 cxd4 9. Ne2 O-O 10. d3 d5 11. Bb3 dxe4 12. dxe4 b6 13. c3 Bb7 14. Ng3 dxc3
15. bxc3 Rc8 16. Bb2 Qc7 17. Rc1 Rfd8 18. f5 Qc5+ 19. Qf2 Bh6 20. Qxc5 Rxc5 21.
fxe6 Bxc1 22. exf7+ Kg7 23. Bxc1 Ba6 24. Rf2 Bc4 25. Ba3 Bxb3 26. Bxc5 bxc5 27.
axb3 Kf8 28. e5 Rd1+ 29. Nf1 Re1 30. g4 Rxe5 31. Nd2 Re3 32. Nc4 Re6 33. Ra2
Kxf7 34. Rxa7 Re1+ 35. Kf2 Rc1 36. Ne3 Ke6 37. h3 h5 38. b4 hxg4 39. hxg4 Nd5
40. Nxd5 Kxd5 41. Ra5 Ke4 42. Rxc5 Kf4 43. Rc4+ Kg5 {...53} 1-0

[Event "Ogolnopolski Turniej Fianchetto"]
[Site "Jastrzebia Gora"]
[Date "2015.??.??"]
[Round "8.10"]
[White "Schils, Heinz"]
[Black "Winiarski, Kazimierz"]
[Result "1/2-1/2"]
[WhiteElo "1797"]
[BlackElo "1934"]
[PlyCount "108"]
[EventDate "2015.??.??"]

1. d4 Nf6 2. Nf3 d5 3. e3 e6 4. Nbd2 Bd6 5. Bd3 Nbd7 6. O-O O-O 7. e4 dxe4 8.
Nxe4 Nxe4 9. Bxe4 Nf6 10. Bg5 Be7 11. Bd3 b6 12. Re1 Bb7 13. c3 c5 14. Bf1 Rc8
15. dxc5 Rxc5 16. Be3 Rd5 17. Qe2 Qc7 18. h3 h6 19. Bd4 Nd7 20. Ne5 Nxe5 21.
Bxe5 Bd6 22. Bxd6 Qxd6 23. Qe3 Rd8 24. b3 Qc5 25. Qxc5 bxc5 26. Bc4 Rd2 27. Kf1
Bd5 28. Be2 Bc6 29. Red1 Kf8 30. g3 Ke7 31. Rxd2 Rxd2 32. Ke1 Rd7 33. a3 g5 34.
b4 Bg2 35. h4 gxh4 36. gxh4 Be4 37. Rd1 Rxd1+ 38. Kxd1 Kd6 39. Kd2 e5 40. a4
cxb4 41. cxb4 f5 42. Kc3 Bd5 43. Bd1 Bb7 44. Kc4 Ba6+ 45. b5 Bb7 46. Bc2 Bd5+
47. Kc3 f4 48. Bd3 Kc5 49. Bf1 e4 50. a5 f3 51. b6 axb6 52. axb6 Kxb6 53. Kd4
Kc6 54. Bh3 Kd6 {...73} 1/2-1/2

[Event "Ogolnopolski Turniej Fianchetto"]
[Site "Jastrzebia Gora"]
[Date "2015.??.??"]
[Round "8.11"]
[White "Jagiela, Piotr"]
[Black "Barnowski, Sylwester"]
[Result "1-0"]
[WhiteElo "1696"]
[BlackElo "1893"]
[PlyCount "67"]
[EventDate "2015.??.??"]

1. d4 Nf6 2. c4 e5 3. dxe5 Ng4 4. Nf3 Nc6 5. Bg5 Be7 6. Bf4 Bb4+ 7. Nc3 Bxc3+
8. bxc3 Qe7 9. Qd5 Qa3 10. Qd2 Qc5 11. e4 Ngxe5 12. Nxe5 Nxe5 13. Qd5 Qxd5 14.
cxd5 d6 15. Kd2 f5 16. Bxe5 dxe5 17. exf5 Bxf5 18. Re1 e4 19. f3 Kd7 20. fxe4
Bg6 21. Bd3 Rhf8 22. Rhf1 Kd6 23. c4 b6 24. e5+ Kc5 25. Bxg6 hxg6 26. Kd3 Rf5
27. g4 Rxf1 28. Rxf1 Re8 29. e6 Kd6 30. Rf7 c6 31. Rd7+ Ke5 32. e7 cxd5 33.
cxd5 Kf6 34. d6 1-0

[Event "Ogolnopolski Turniej Fianchetto"]
[Site "Jastrzebia Gora"]
[Date "2015.??.??"]
[Round "8.12"]
[White "Czech, Mieczyslaw"]
[Black "Woda, Janusz"]
[Result "1-0"]
[WhiteElo "1860"]
[BlackElo "1588"]
[PlyCount "79"]
[EventDate "2015.??.??"]

1. e4 e5 2. Nf3 Nc6 3. Bb5 a6 4. Ba4 Nf6 5. d3 h6 6. O-O b5 7. Bb3 Bc5 8. c3 d6
9. h3 Bb7 10. Re1 O-O 11. Nbd2 Na5 12. Bc2 b4 13. Nf1 bxc3 14. bxc3 Bb6 15. Ng3
Bc8 16. d4 exd4 17. cxd4 Bd7 18. e5 Nd5 19. Qd3 f5 20. e6 Bb5 21. Qd1 Ne7 22.
Nh4 f4 23. Ngf5 g5 24. Nxe7+ Qxe7 25. Ng6 Qf6 26. Nxf8 Rxf8 27. Bb2 Re8 28. Bb3
Nc4 29. Bc3 d5 30. a4 Bc6 31. Bxc4 dxc4 32. d5 Qxc3 33. dxc6 Qb2 34. Re2 Qb4
35. e7 Rxe7 36. Qd8+ Kf7 37. Rxe7+ Qxe7 38. Qxe7+ Kxe7 39. Rc1 Kd6 40. Rxc4 1-0

[Event "Ogolnopolski Turniej Fianchetto"]
[Site "Jastrzebia Gora"]
[Date "2015.??.??"]
[Round "8.13"]
[White "Zelajtys, Jozef"]
[Black "Mettel, Werner"]
[Result "0-1"]
[WhiteElo "1581"]
[BlackElo "1824"]
[PlyCount "97"]
[EventDate "2015.??.??"]

1. e4 e5 2. Nf3 Nc6 3. Bb5 a6 4. Bxc6 dxc6 5. c3 Bg4 6. d4 Bd6 7. h3 Bxf3 8.
gxf3 Qe7 9. Be3 O-O-O 10. Nd2 exd4 11. cxd4 Bb4 12. a3 Bxd2+ 13. Qxd2 Nf6 14.
O-O-O h6 15. Qc2 Rhe8 16. e5 Nd5 17. Qf5+ Kb8 18. f4 g6 19. Qc2 Qh4 20. Qe4 Qh5
21. h4 Qe2 22. Rhe1 Qg4 23. Rg1 Qxh4 24. Rh1 Qg4 25. Rdg1 Qe2 26. Rxh6 Rh8 27.
Rxh8 Rxh8 28. Qc2 Qf3 29. Rg3 Rh1+ 30. Kd2 Qh5 31. f5 Qxf5 32. Qxf5 gxf5 33.
Rf3 Rh5 34. Ke2 Kc8 35. Rg3 f4 36. Rg8+ Kd7 37. Bd2 b6 38. Kf3 Rh4 39. Ke4 a5
40. b4 axb4 41. axb4 b5 42. Rf8 Ke7 43. Rc8 Rh3 44. Ra8 Rh2 45. Be1 Rh3 46. Bd2
Rb3 47. Bxf4 Nxf4 48. Kxf4 Rxb4 49. Ke3 {Time} 0-1

[Event "Ogolnopolski Turniej Fianchetto"]
[Site "Jastrzebia Gora"]
[Date "2015.??.??"]
[Round "8.14"]
[White "Najdzionek, Boleslaw"]
[Black "Olszewski, Jerzy"]
[Result "1/2-1/2"]
[WhiteElo "1818"]
[BlackElo "1681"]
[PlyCount "40"]
[EventDate "2015.??.??"]

1. d4 d5 2. c4 c6 3. Nc3 Nf6 4. Nf3 Nbd7 5. e3 g6 6. Be2 Nb6 7. c5 Nbd7 8. O-O
Bg7 9. Bd2 O-O 10. Rc1 Re8 11. b4 a6 12. Qc2 e5 13. dxe5 Nxe5 14. Nxe5 Rxe5 15.
Na4 Bf5 16. Bd3 Bxd3 17. Qxd3 Qe8 18. Bc3 Re6 19. Rce1 Ne4 20. Bxg7 Kxg7
1/2-1/2

[Event "Ogolnopolski Turniej Fianchetto"]
[Site "Jastrzebia Gora"]
[Date "2015.??.??"]
[Round "8.15"]
[White "Radwan, Jan"]
[Black "Rogalski, Krzysztof"]
[Result "0-1"]
[WhiteElo "1592"]
[BlackElo "1788"]
[PlyCount "54"]
[EventDate "2015.??.??"]

1. e4 e5 2. Bc4 Nf6 3. d3 Nc6 4. c3 h6 5. Nf3 Bc5 6. O-O d6 7. b4 Bb6 8. a4 a5
9. b5 Ne7 10. Qb3 O-O 11. Be3 Bxe3 12. fxe3 b6 13. Nbd2 Ng6 14. h3 Qe7 15. d4
Bd7 16. d5 Rad8 17. Nh2 Nh5 18. Rf2 Qg5 19. Be2 Ng3 20. Ng4 h5 21. Nf3 Qe7 22.
Ngh2 Nxe4 23. Rff1 f5 24. Rae1 Nh4 25. Qc4 Nxf3+ 26. Nxf3 Qf7 27. Kh2 Nc5 {
...58} 0-1

[Event "Ogolnopolski Turniej Fianchetto"]
[Site "Jastrzebia Gora"]
[Date "2015.??.??"]
[Round "8.16"]
[White "Szydlowski, Wiktor"]
[Black "Piasecki, Stanislaw"]
[Result "1/2-1/2"]
[WhiteElo "1787"]
[BlackElo "1589"]
[PlyCount "29"]
[EventDate "2015.??.??"]

1. e4 c6 2. d4 d5 3. Nc3 dxe4 4. Nxe4 Nd7 5. Bc4 Ngf6 6. Ng5 e6 7. N1f3 Nb6 8.
Bd3 h6 9. Ne4 Be7 10. O-O Qc7 11. Qe2 Bd7 12. Ne5 Bd6 13. Nxf6+ gxf6 14. Ng4
O-O-O 15. h3 1/2-1/2

[Event "Ogolnopolski Turniej Fianchetto"]
[Site "Jastrzebia Gora"]
[Date "2015.??.??"]
[Round "8.17"]
[White "Wroblewski, Mieczyslaw"]
[Black "Fojcik, Krzysztof"]
[Result "0-1"]
[WhiteElo "1773"]
[BlackElo "1582"]
[PlyCount "98"]
[EventDate "2015.??.??"]

1. e4 e6 2. d4 d5 3. Nd2 dxe4 4. Nxe4 Nd7 5. Nf3 Ngf6 6. Bd3 Be7 7. O-O O-O 8.
Qe2 b6 9. Nxf6+ Nxf6 10. Be4 Nxe4 11. Qxe4 Bd7 12. Bf4 h6 13. h3 c5 14. Rad1
Qc8 15. Ne5 Bb5 16. c4 Ba6 17. Nc6 Re8 18. d5 Bf6 19. d6 Qd7 20. Ne5 Bxe5 21.
Bxe5 f6 22. Bc3 e5 23. Rd2 Bb7 24. Qg4 Qxg4 25. hxg4 Red8 26. Re1 Rd7 27. b4
Rc8 28. b5 Kf7 29. g3 Rcd8 30. Red1 Ke6 31. f4 Rxd6 32. Rxd6+ Rxd6 33. Rxd6+
Kxd6 34. Kf2 exf4 35. gxf4 Ke6 36. Ke3 g6 37. Be1 h5 38. gxh5 gxh5 39. Bh4 Kf5
40. Kd3 Be4+ 41. Ke3 Bb1 42. a3 Ba2 43. Kd3 Kxf4 44. Bxf6 Kg4 45. Be5 h4 46.
Bb8 h3 47. Bxa7 h2 48. Bxb6 h1=Q 49. Bxc5 Qf1+ 0-1

[Event "Ogolnopolski Turniej Fianchetto"]
[Site "Jastrzebia Gora"]
[Date "2015.??.??"]
[Round "8.19"]
[White "Karolak, Jan"]
[Black "Karamucki, Henryk"]
[Result "0-1"]
[WhiteElo "1832"]
[BlackElo "1422"]
[PlyCount "95"]
[EventDate "2015.??.??"]

1. Nf3 c6 2. d4 d5 3. g3 Bf5 4. Bg2 e6 5. Nbd2 Nf6 6. O-O Bd6 7. c4 O-O 8. c5
Be7 9. h3 h6 10. Ne5 Nbd7 11. Ndf3 Be4 12. e3 Bxf3 13. Nxf3 b6 14. b4 b5 15.
Bb2 a5 16. a3 a4 17. e4 Nxe4 18. Ne5 Nxe5 19. dxe5 Ng5 20. h4 Nh7 21. Qg4 Kh8
22. f4 f5 23. exf6 Bxf6 24. Rab1 Bxb2 25. Rxb2 Qf6 26. Re2 Rfe8 27. Re5 Nf8 28.
Rfe1 Qf7 29. h5 Re7 30. Rd1 Nd7 31. Ree1 Nf6 32. Qe2 Qxh5 33. Bf3 Qf7 34. Qe5
Qg6 35. Kg2 Qe8 36. g4 Nd7 37. Qd6 Nf6 38. g5 Rd8 39. Qe5 Qg6 40. Rd2 Ng8 41.
Kf2 Qf5 42. Qd4 Rde8 43. gxh6 Nxh6 44. Rh1 e5 45. fxe5 Qxe5 46. Qd3 Qf6 47. Qd4
Re2+ 48. Rxe2 0-1

[Event "Ogolnopolski Turniej Fianchetto"]
[Site "Jastrzebia Gora"]
[Date "2015.??.??"]
[Round "8.20"]
[White "Janocha, Jan"]
[Black "Szynwelski, Ryszard"]
[Result "1-0"]
[WhiteElo "1736"]
[BlackElo "1275"]
[PlyCount "77"]
[EventDate "2015.??.??"]

1. e4 e6 2. d4 d5 3. exd5 exd5 4. Nf3 Bb4+ 5. c3 Bd6 6. Bd3 Qe7+ 7. Be3 Nf6 8.
O-O O-O 9. Bg5 Qd8 10. Nbd2 Be7 11. Rc1 c6 12. Bb1 Nbd7 13. Qc2 g6 14. Rfe1 Re8
15. Re2 Bf8 16. Ne5 Bg7 17. Rce1 Qc7 18. Ndf3 Nxe5 19. dxe5 Ne4 20. Qc1 Nxg5
21. Qxg5 Be6 22. Qh4 h6 23. Qg3 Qd7 24. Nh4 Kh7 25. f4 Qe7 26. Nxg6 fxg6 27.
Qxg6+ Kg8 28. Qh7+ Kf8 29. f5 Bg8 30. Qg6 Qf7 31. Qg3 Qc7 32. f6 Bh8 33. Qg6
Be6 34. Qxh6+ Kf7 35. Qh7+ Kf8 36. Qxh8+ Bg8 37. Qh6+ Kf7 38. Qg7+ Ke6 39. Qxc7
1-0

[Event "Ogolnopolski Turniej Fianchetto"]
[Site "Jastrzebia Gora"]
[Date "2015.??.??"]
[Round "8.21"]
[White "Grabczynski, Zdzislaw"]
[Black "Kopij, Jozef"]
[Result "1-0"]
[WhiteElo "1659"]
[BlackElo "1382"]
[PlyCount "77"]
[EventDate "2015.??.??"]

1. d4 d5 2. c4 e6 3. a3 Nf6 4. Nc3 Be7 5. Bg5 O-O 6. f4 dxc4 7. e3 Nd5 8. Bxe7
Qxe7 9. Qd2 Nxc3 10. Qxc3 b5 11. Be2 Bb7 12. Bf3 Bxf3 13. Nxf3 c6 14. Ne5 f6
15. Ng4 Nd7 16. a4 a6 17. O-O Nb6 18. axb5 cxb5 19. h3 Nd5 20. Qd2 Qb4 21. Qc1
a5 22. f5 h5 23. Nh2 Qe7 24. e4 Nc7 25. Qd1 Qf7 26. fxe6 Qxe6 27. Qxh5 Qxe4 28.
Qc5 Ne6 29. Qxb5 Qxd4+ 30. Kh1 Ng5 31. Rad1 Qe5 32. Qxc4+ Kh8 33. Rf4 Nh7 34.
Rh4 g5 35. Rh6 Rac8 36. Qd3 f5 37. Nf3 Qg7 38. Rh5 Rcd8 39. Qxd8 1-0

[Event "Ogolnopolski Turniej Fianchetto"]
[Site "Jastrzebia Gora"]
[Date "2015.??.??"]
[Round "8.22"]
[White "Krzystala, Henryk"]
[Black "Budnik, Kazimierz"]
[Result "1-0"]
[WhiteElo "1575"]
[BlackElo "1250"]
[PlyCount "80"]
[EventDate "2015.??.??"]

1. Nf3 e6 2. d4 Be7 3. g3 c6 4. Bg2 Nf6 5. c3 d6 6. Nbd2 O-O 7. Qc2 d5 8. e4
dxe4 9. Nxe4 Nbd7 10. O-O Nxe4 11. Qxe4 Nf6 12. Qe2 Re8 13. Bf4 Bd6 14. Bxd6
Qxd6 15. Ne5 Qf8 16. Rfe1 g6 17. Qd2 Nd7 18. Ng4 Kh8 19. Qf4 f6 20. Re2 f5 21.
Ne5 Qf6 22. Nc4 Nb6 23. Nd6 Re7 24. Nxc8 Rxc8 25. Rae1 g5 26. Qc1 f4 27. Be4
Nc4 28. b3 Nd6 29. Qc2 fxg3 30. fxg3 Nxe4 31. Qxe4 Ra8 32. Rf1 Qg7 33. Qe5 Qxe5
34. Rxe5 h6 35. Kg2 Kg7 36. g4 b6 37. Kg3 Rf8 38. Rf3 Rxf3+ 39. Kxf3 Kf6 40.
Ke4 Re8 1-0

[Event "Ogolnopolski Turniej Fianchetto"]
[Site "Jastrzebia Gora"]
[Date "2015.??.??"]
[Round "8.24"]
[White "Kudlacik, Jan"]
[Black "Wojciechowski, Tomasz"]
[Result "0-1"]
[WhiteElo "1274"]
[BlackElo "1265"]
[PlyCount "62"]
[EventDate "2015.??.??"]

1. e4 c5 2. Nf3 Nc6 3. Bb5 d6 4. Bxc6+ bxc6 5. O-O Nf6 6. d3 g6 7. b3 Bg7 8.
Bb2 O-O 9. Nbd2 Re8 10. Rb1 a5 11. a4 e6 12. h3 d5 13. e5 Nh5 14. Re1 Ba6 15.
d4 cxd4 16. Nxd4 Qb6 17. N4f3 c5 18. Nf1 Bh6 19. Bc1 Bxc1 20. Qxc1 d4 21. Qh6
f5 22. g4 fxg4 23. hxg4 Qb7 24. N1h2 Qg7 25. Qxg7+ Nxg7 26. Rbd1 Rad8 27. Nd2
d3 28. cxd3 Bxd3 29. Nhf3 h5 30. Nh2 Bc2 31. Rc1 Rxd2 0-1

[Event "Ogolnopolski Turniej Fianchetto"]
[Site "Jastrzebia Gora"]
[Date "2015.??.??"]
[Round "8.26"]
[White "Nasalski, Leon"]
[Black "Grobelna, Ewa"]
[Result "0-1"]
[WhiteElo "1141"]
[BlackElo "1533"]
[PlyCount "62"]
[EventDate "2015.??.??"]

1. d4 d5 2. e3 c5 3. dxc5 e6 4. Nf3 Bxc5 5. Bd3 Nc6 6. c3 Nf6 7. Qc2 O-O 8. O-O
e5 9. h3 e4 10. Be2 exf3 11. Bxf3 Re8 12. Nd2 Be6 13. Nb3 Qe7 14. Nxc5 Qxc5 15.
b3 Rac8 16. Bb2 d4 17. exd4 Nxd4 18. Qd3 Nxf3+ 19. Qxf3 Bd5 20. Qg3 Ne4 21. Qg4
Nf6 22. Qg3 Re2 23. Rab1 Bc6 24. c4 Qe7 25. Kh2 Re8 26. Bxf6 Qxf6 27. a4 R2e5
28. f4 Re2 29. Rf2 Qg6 30. Rxe2 Rxe2 31. Qxg6 hxg6 0-1

[Event "Ogolnopolski Turniej Fianchetto"]
[Site "Jastrzebia Gora"]
[Date "2015.??.??"]
[Round "8.27"]
[White "Pilecki, Jozef"]
[Black "Grabarczyk, Edmund"]
[Result "0-1"]
[WhiteElo "1371"]
[BlackElo "1284"]
[PlyCount "42"]
[EventDate "2015.??.??"]

1. e4 c5 2. Bc4 e6 3. d3 Nc6 4. a3 g6 5. Be3 Bg7 6. c3 Nge7 7. Ne2 d6 8. O-O
O-O 9. Nd2 a6 10. f4 d5 11. exd5 exd5 12. Ba2 b6 13. d4 Nf5 14. Bf2 cxd4 15. c4
Ne3 16. Bxe3 dxe3 17. Nf3 d4 18. Nfxd4 Nxd4 19. Rb1 Nxe2+ 20. Qxe2 Re8 21. Rfd1
Qf6 0-1

[Event "Ogolnopolski Turniej Fianchetto"]
[Site "Jastrzebia Gora"]
[Date "2015.??.??"]
[Round "8.29"]
[White "Krupecka-czarkowska, Danuta"]
[Black "Flis, Jozef"]
[Result "1-0"]
[WhiteElo "1091"]
[BlackElo "1070"]
[PlyCount "33"]
[EventDate "2015.??.??"]

1. e4 e5 2. Nf3 Nc6 3. Nc3 a6 4. a3 d6 5. d3 Nf6 6. Bg5 h6 7. Bd2 Bg4 8. Be2 b5
9. h3 Be6 10. Na2 Be7 11. c3 O-O 12. Be3 Rb8 13. d4 exd4 14. cxd4 Nxd4 15. Bxd4
Nxe4 16. Nb4 f6 17. Nc6 1-0